[Event "Foivitika op"]
[Site "Foivitika"]
[Date "2005.??.??"]
[Round "5"]
[White "Markopoulos, Theodoros"]
[Black "Kondopoulos, Stefanos"]
[Result "0-1"]
[WhiteElo "2035"]
[BlackElo "1835"]
[PlyCount "60"]
[EventDate "2005.??.??"]
[EventType "swiss"]
[EventRounds "7"]
[EventCountry "GRE"]
[SourceTitle "EXT 2007"]
[Source "ChessBase"]
[SourceDate "2006.11.23"]
[SourceVersion "1"]
[SourceVersionDate "2006.11.23"]
[SourceQuality "1"]

1. e4 e5 2. Nf3 d6 3. d4 exd4 4. Nxd4 Nf6 5. Nc3 Be7 6. Be3 Nbd7 7. Qd2 0-0 8. f3 Ne5 9. 0-0-0 a6 10. f4 Ng6 11. h3 b5 12. Bd3 Bb7 13. Qe2 c5 14. Nf5 c4 15. Bxc4 bxc4 16. Qxc4 Rc8 17. Qb4 Qc7 18. Nxe7+ Nxe7 19. Rxd6 Nxe4 20. Rd3 Nd5 21. Qb3 Nexc3 22. bxc3 Nxe3 23. Rxe3 Bxg2 24. Rhe1 Qxf4 25. Qb4 Rc4 26. Qe7 Re4 27. Qc5 Rfe8 28. Kd2 Rxe3 29. Rxe3 Qf2+ 30. Kd3 Bf1+ 0-1

[Event "Foivitika op"]
[Site "Foivitika"]
[Date "2005.??.??"]
[Round "7"]
[White "Tsomis, Dimitrios"]
[Black "Kondopoulos, Stefanos"]
[Result "1-0"]
[WhiteElo "2200"]
[BlackElo "1835"]
[PlyCount "69"]
[EventDate "2005.??.??"]
[EventType "swiss"]
[EventRounds "7"]
[EventCountry "GRE"]
[SourceTitle "EXT 2007"]
[Source "ChessBase"]
[SourceDate "2006.11.23"]
[SourceVersion "1"]
[SourceVersionDate "2006.11.23"]
[SourceQuality "1"]

1. e4 e5 2. Nf3 d6 3. Bc4 Be7 4. 0-0 Nf6 5. d3 0-0 6. c3 Nbd7 7. Re1 c6 8. Bb3 Nc5 9. Bc2 Bg4 10. h3 Bh5 11. Nbd2 Ne6 12. Nf1 Qc7 13. Ng3 Bxf3 14. Qxf3 d5 15. Nf5 dxe4 16. dxe4 Bc5 17. g3 b5 18. Kg2 b4 19. Be3 bxc3 20. bxc3 Bxe3 21. Qxe3 Rab8 22. Bb3 Rfe8 23. Rad1 Qb6 24. Qc1 Nc5 25. Qg5 Nh5 26. Nh6+ Kf8 27. Qxh5 Rb7 28. Nf5 h6 29. Nd6 Nxb3 30. axb3 Qxb3 31. Nxe8 Kxe8 32. Qxe5+ Re7 33. Qxg7 Re6 34. Qg8+ Ke7 35. Qd8# 1-0